Art and architecture of viceregal Latin America, 1521-1821 / (Record no. 24673)

000 -LEADER
fixed length control field 01863cam a2200349 a 4500
001 - CONTROL NUMBER
control field 15026947
005 - DATE AND TIME OF LATEST TRANSACTION
control field 20170130090244.0
008 - FIXED-LENGTH DATA ELEMENTS--GENERAL INFORMATION
fixed length control field 070928s2008 nmuaf b s001 0 eng
010 ## - LIBRARY OF CONGRESS CONTROL NUMBER
LC control number 2007040603
020 ## - INTERNATIONAL STANDARD BOOK NUMBER
International Standard Book Number 9780826334596 (pbk. : alk. paper)
020 ## - INTERNATIONAL STANDARD BOOK NUMBER
International Standard Book Number 0826334598 (pbk. : alk. paper)
035 ## - SYSTEM CONTROL NUMBER
System control number (OCoLC)ocn173640980
035 ## - SYSTEM CONTROL NUMBER
System control number (OCoLC)173640980
040 ## - CATALOGING SOURCE
Original cataloging agency DLC
Transcribing agency DLC
Modifying agency YDXCP
-- BTCTA
-- BAKER
-- C#P
-- BWX
-- CDX
-- DLC
043 ## - GEOGRAPHIC AREA CODE
Geographic area code cl-----
050 00 - LIBRARY OF CONGRESS CALL NUMBER
Classification number N6502.2
Item number .D66 2008
100 1# - MAIN ENTRY--PERSONAL NAME
Personal name Donahue-Wallace, Kelly,
Dates associated with a name 1968-
245 10 - TITLE STATEMENT
Title Art and architecture of viceregal Latin America, 1521-1821 /
Statement of responsibility, etc. Kelly Donahue-Wallace.
260 ## - PUBLICATION, DISTRIBUTION, ETC. (IMPRINT)
Place of publication, distribution, etc. Albuquerque :
Name of publisher, distributor, etc. University of New Mexico Press,
Date of publication, distribution, etc. 2008.
300 ## - PHYSICAL DESCRIPTION
Extent xxvii, 276 p., 32 p. of plates :
Other physical details ill. (some col.) ;
Dimensions 26 cm.
490 1# - SERIES STATEMENT
Series statement Diálogos
504 ## - BIBLIOGRAPHY, ETC. NOTE
Bibliography, etc Includes bibliographical references (p. 262-271) and index.
650 #0 - SUBJECT ADDED ENTRY--TOPICAL TERM
Topical term or geographic name as entry element Art, Colonial
Geographic subdivision Latin America.
650 #0 - SUBJECT ADDED ENTRY--TOPICAL TERM
Topical term or geographic name as entry element Art, Latin American.
830 #0 - SERIES ADDED ENTRY--UNIFORM TITLE
Uniform title Diálogos (Albuquerque, N.M.)
856 41 - ELECTRONIC LOCATION AND ACCESS
Materials specified Table of contents only
Uniform Resource Identifier <a href="http://www.loc.gov/catdir/toc/ecip081/2007040603.html">http://www.loc.gov/catdir/toc/ecip081/2007040603.html</a>
942 ## - ADDED ENTRY ELEMENTS (KOHA)
Source of classification or shelving scheme
Koha item type Hard Covered Materials
Classification part N6502.2 .D66 2008

No items available.

© Machakos University Library, Along The Highway, Machakos Wote Rd, Machakos, Kenya P.O. Box 136 - 90100 Machakos - Kenya

Tel: ( +254 ) 723 805829 OR Fax : 044-20353 OR Email: library@mksu.ac.ke